Contrasts in punishment: an explanation of Anglophone excess and Nordic exceptionalism
| Authors: | ; |
|---|---|
| Format: | Print Book |
| Language: | English |
| Published: |
London New York, NY
Routledge
2013
|
| In: |
Routledge frontiers of criminal justice (7)
Year: 2013 |
| Online Access: |
Table of Contents |
| Availability in Tübingen: | Present in Tübingen. UB: KB 20 A 6134 |
| Check availability: | HBZ Gateway |
| Subito Delivery Service: | Order now. |
| Keywords: |
MARC
| LEADER | 00000cam a2200000 c 4500 | ||
|---|---|---|---|
| 001 | 1601642601 | ||
| 003 | DE-627 | ||
| 005 | 20251225190925.0 | ||
| 007 | tu | ||
| 008 | 130212s2013 xxk||||| 00| ||eng c | ||
| 016 | 7 | |a 016167742 |2 UK | |
| 020 | |a 9780415524735 |c (hbk.) £90.00 |9 978-0-415-52473-5 | ||
| 020 | |a 9780415656900 |c paperback |9 978-0-415-65690-0 | ||
| 020 | |a 9780203096116 |c ebook |9 978-0-203-09611-6 | ||
| 035 | |a (DE-627)1601642601 | ||
| 035 | |a (DE-576)378641921 | ||
| 035 | |a (DE-599)BSZ378641921 | ||
| 035 | |a (OCoLC)1018453825 | ||
| 035 | |a (OCoLC)830908965 | ||
| 040 | |a DE-627 |b ger |c DE-627 |e rakwb | ||
| 041 | |a eng | ||
| 044 | |c XA-GB |c XD-US | ||
| 050 | 0 | |a HV9960.S34 | |
| 082 | 0 | |a 364.60917521 | |
| 082 | 0 | |a 364.60917/521 |q LOC |2 23 | |
| 084 | |a 2,1 |2 ssgn | ||
| 100 | 1 | |a Pratt, John |d 1949- |0 (DE-588)135878675 |0 (DE-627)693843632 |0 (DE-576)300696337 |4 aut | |
| 109 | |a Pratt, John 1949- |a Pratt, John D. 1949- | ||
| 245 | 1 | 0 | |a Contrasts in punishment |b an explanation of Anglophone excess and Nordic exceptionalism |c John Pratt and Anna Eriksson |
| 263 | |a Erscheint: 01. Januar 2013 | ||
| 264 | 1 | |a London |a New York, NY |b Routledge |c 2013 | |
| 300 | |a XII, 260 S. |b Ill., graph. Darst. |c 24 cm | ||
| 336 | |a Text |b txt |2 rdacontent | ||
| 337 | |a ohne Hilfsmittel zu benutzen |b n |2 rdamedia | ||
| 338 | |a Band |b nc |2 rdacarrier | ||
| 490 | 1 | |a Routledge frontiers of criminal justice |v 7 | |
| 500 | |a Includes bibliographical references | ||
| 505 | 8 | |a Preface -- Dedication -- List of illustrations -- Introduction -- Investigating and explaining differences in punishment -- The production of cultural differences -- Two welfare states -- The introduction of modern penal arrangements -- Two welfare sanctions -- Punishment in the age of anxiety -- Notes -- Bibliography. | |
| 583 | 1 | |a Archivierung/Langzeitarchivierung gewährleistet |f SSG |x XA-DE-BW |2 pdager |5 DE-21 | |
| 650 | 0 | |a Punishment |z Scandinavia |x History | |
| 650 | 0 | |a Punishment |z English-speaking countries |x History | |
| 650 | 0 | |a Criminal justice, Administration of |z Scandinavia |x History | |
| 650 | 0 | |a Criminal justice, Administration of |z English-speaking countries |x History | |
| 653 | |a Punishment |a Scandinavia |a History | ||
| 653 | |a Punishment |a English-speaking countries |a History | ||
| 653 | |a Criminal justice, Administration of |a Scandinavia |a History | ||
| 653 | |a Criminal justice, Administration of |a English-speaking countries |a History | ||
| 689 | 0 | 0 | |d g |0 (DE-588)4055209-3 |0 (DE-627)106159119 |0 (DE-576)209112751 |a Skandinavien |2 gnd |
| 689 | 0 | 1 | |d s |0 (DE-588)4057812-4 |0 (DE-627)106149407 |0 (DE-576)209123796 |a Strafzumessung |2 gnd |
| 689 | 0 | 2 | |d s |0 (DE-588)4057808-2 |0 (DE-627)106149415 |0 (DE-576)20912377X |a Strafvollzug |2 gnd |
| 689 | 0 | 3 | |d s |0 (DE-588)4055765-0 |0 (DE-627)106156888 |0 (DE-576)209115319 |a Sozialethik |2 gnd |
| 689 | 0 | 4 | |a z |2 gnd |a Geschichte |
| 689 | 0 | |5 (DE-627) | |
| 689 | 1 | 0 | |d g |0 (DE-588)4113441-2 |0 (DE-627)105829463 |0 (DE-576)209476516 |a Englisches Sprachgebiet |2 gnd |
| 689 | 1 | 1 | |d s |0 (DE-588)4057812-4 |0 (DE-627)106149407 |0 (DE-576)209123796 |a Strafzumessung |2 gnd |
| 689 | 1 | 2 | |d s |0 (DE-588)4057808-2 |0 (DE-627)106149415 |0 (DE-576)20912377X |a Strafvollzug |2 gnd |
| 689 | 1 | 3 | |d s |0 (DE-588)4055765-0 |0 (DE-627)106156888 |0 (DE-576)209115319 |a Sozialethik |2 gnd |
| 689 | 1 | 4 | |a z |2 gnd |a Geschichte |
| 689 | 1 | |5 (DE-627) | |
| 700 | 1 | |a Eriksson, Anna |0 (DE-588)1075508827 |0 (DE-627)833370804 |0 (DE-576)443609055 |4 aut | |
| 776 | 1 | |z 9780203096116 | |
| 830 | 0 | |a Routledge frontiers of criminal justice |v 7 |9 7 |w (DE-627)739725017 |w (DE-576)368445488 |w (DE-600)2709610-5 |7 am | |
| 856 | 4 | 2 | |u https://swbplus.bsz-bw.de/bsz378641921inh.htm |m B:DE-576;DE-21 |q application/pdf |v 20130319105541 |x Verlag |3 Inhaltsverzeichnis |7 1 |
| 889 | |w (DE-627)717936473 | ||
| 935 | |i mdedup | ||
| 951 | |a BO | ||
| ELC | |b 1 | ||
| LOK | |0 000 xxxxxcx a22 zn 4500 | ||
| LOK | |0 001 307803349X | ||
| LOK | |0 003 DE-627 | ||
| LOK | |0 004 1601642601 | ||
| LOK | |0 005 20130312124426 | ||
| LOK | |0 008 130212||||||||||||||||ger||||||| | ||
| LOK | |0 040 |a DE-21 |c DE-627 |d DE-21 | ||
| LOK | |0 852 |a DE-21 | ||
| LOK | |0 852 1 |c KB 20 A 6134 |9 00 | ||
| LOK | |0 935 |a krim | ||
| LOK | |0 936ln |a k5.1 | ||
| LOK | |0 938 |a 1303 |f 34 | ||
| LOK | |0 939 |a 12-02-13 |b l01 | ||
| LOK | |0 000 xxxxxcx a22 zn 4500 | ||
| LOK | |0 001 3078033570 | ||
| LOK | |0 003 DE-627 | ||
| LOK | |0 004 1601642601 | ||
| LOK | |0 005 20130516151714 | ||
| LOK | |0 008 130412||||||||||||||||ger||||||| | ||
| LOK | |0 040 |a DE-Frei85 |c DE-627 |d DE-Frei85 | ||
| LOK | |0 852 |a DE-Frei85 | ||
| LOK | |0 852 1 |m p |9 00 | ||
| LOK | |0 938 |k p | ||
| LOK | |0 939 |a 12-04-13 |b l01 | ||
| ORI | |a SA-MARC-krimdoka001.raw | ||
| SIG | |a UB: KB 20 A 6134 | ||
